000 00818cab a2200277 4500
001 ABS56255
008 090401t1996 xxu||||| |||| 00| 0 eng d
035 _a(Sirsi) u22300
041 _aeng
100 _aParkhill, J.
245 _aCity review: Toronto
260 _c1996
350 _a0
490 _aNational Real Estate Investor
_v38(11) October 1996, 114-118(3)
650 _aCANADA
650 _aCN TOWER
650 _aINDUSTRIAL MARKET
650 _aPROPERTY-COMMERCIAL PROPERTY-OFFICE PROPERTY-OFFICE PROPERTY MARKET
650 _aPROPERTY-COMMERCIAL PROPERTY-RETAIL PROPERTY-RETAIL PROPERTY MARKET
650 _aTORONTO
650 _aTOURISM
690 _aPROPERTY-COMMERCIAL PROPERTY-COMMERCIAL PROPERTY MARKET
690 _aOVERSEAS-NORTH AMERICA
942 _n0
948 _c04/03/1997
999 _c14939
_d14939